An analysis of factors influencing employability of potential employees in technological institutions: a case of the Zambia Telecommunications Company (Record no. 34241)

MARC details
000 -LEADER
fixed length control field 00932nam a2200181 a 4500
008 - FIXED-LENGTH DATA ELEMENTS--GENERAL INFORMATION
fixed length control field 180208s2016 ||||||||||||||||| || u
050 ## - LIBRARY OF CONGRESS CALL NUMBER
Classification number CBU-PG THESIS/MAK
100 ## - MAIN ENTRY--PERSONAL NAME
Personal name Makombe, Merenia
245 13 - TITLE STATEMENT
Title An analysis of factors influencing employability of potential employees in technological institutions: a case of the Zambia Telecommunications Company
Statement of responsibility, etc. by Merenia Makombe
260 ## - PUBLICATION, DISTRIBUTION, ETC.
Place of publication, distribution, etc. Kitwe:
Name of publisher, distributor, etc. Copperbelt University
Date of publication, distribution, etc. 2016
300 ## - PHYSICAL DESCRIPTION
Extent xi, 100p.: ill.
500 ## - GENERAL NOTE
General note Includes References
650 ## - SUBJECT ADDED ENTRY--TOPICAL TERM
Topical term or geographic name entry element TELECOMMUNICATION--EMPLOYEES
650 ## - SUBJECT ADDED ENTRY--TOPICAL TERM
Topical term or geographic name entry element LABOUR SUPPLY--EFFECT OF TECHNOLOGICAL INNOVATIONS ON
650 ## - SUBJECT ADDED ENTRY--TOPICAL TERM
Topical term or geographic name entry element TECHNOLOGICAL INNOVATIONS--SOCIAL ASPECTS--CASE STUDIES
650 ## - SUBJECT ADDED ENTRY--TOPICAL TERM
Topical term or geographic name entry element TELECOMMUNICATION--EMPLOYEES--EFFECT OF TECHNOLOGICAL INNOVATIONS ON--ZAMBIA
995 ## - RECOMMENDATION 995 [LOCAL, UNIMARC FRANCE]
-- CBU-MAIN LIBRARY (Kitwe)
-- 1
-- AVAILABLE
-- Feb 8, 2018
-- Copperbelt University
-- University Collection
Holdings
Withdrawn status Lost status Source of classification or shelving scheme Damaged status Not for loan Home library Current library Shelving location Date acquired Total Checkouts Full call number Barcode Date last seen Price effective from Koha item type
          CBU-MAIN LIBRARY, KITWE. CBU-MAIN LIBRARY, KITWE.   11/30/2022   CBU-PG THESIS/MAK B3437 11/30/2022 11/30/2022 MONOGRAPH